Die Großstadt und das Wissen
| Titel: | Die Großstadt und das Wissen : urbane Wissensformate in Budapest 1873–1914 / Eszter B. Gantner |
|---|---|
| Verfasser: | |
| Veröffentlicht: | Marburg : Verlag Herder-Institut, 2024 |
| Umfang: | XI, 279 Seiten : Illustrationen ; 240 cm x 170 cm |
| Format: | Buch |
| Sprache: | Deutsch |
| Schriftenreihe/ mehrbändiges Werk: |
Studien zur Ostmitteleuropaforschung ; 60 |
| ISBN: | 9783879694921 ; 3879694923 |
| Hinweise zum Inhalt: |
Inhaltsverzeichnis
Buch Bibliographie Cover Register Abstract |
alg: 52067851 001A $00034:15-08-24 001B $01999:04-12-25 $t22:15:18.000 001D $00034:15-08-24 001U $0utf8 001X $00 002@ $0Aau 002C $aText $btxt $2rdacontent 002D $aohne Hilfsmittel zu benutzen $bn $2rdamedia 002E $aBand $bnc $2rdacarrier 003@ $0520678516 003O $01452448975 $aOCoLC 004A $A978-3-87969-492-1 $f: : EUR 56.00 (DE), EUR 57.60 (AT) 004A $03-87969-492-3 004K $09783879694921 006C $01450447542 $aOCoLC 006G $01336853875 006L $01897241542 $2KXP 006T $024,N31 006U $025,B05 $f20240725 007A $01336853875 $aDNB 007G $0DE020A04A5D821E63F882C1258BBE003DA465 009P $qapplication/pdf $A2 $3Inhaltsverzeichnis $uhttp://scans.hebis.de/HEBCGI/show.pl?52067851_toc.pdf $mV:DE-603;B:DE-Mb50 009P $qapplication/pdf $A2 $3Buch Bibliographie $uhttp://scans.hebis.de/HEBCGI/show.pl?52067851_bib.pdf $mV:DE-603;B:DE-Mb50 009P $qapplication/pdf $A2 $3Cover $uhttp://scans.hebis.de/HEBCGI/show.pl?52067851_cov.pdf $mV:DE-603;B:DE-Mb50 009P $qapplication/pdf $A2 $3Register $uhttp://scans.hebis.de/HEBCGI/show.pl?52067851_idx.pdf $mV:DE-603;B:DE-Mb50 009P $qapplication/pdf $A2 $3Abstract $uhttp://scans.hebis.de/HEBCGI/show.pl?52067851_sum.pdf $mV:DE-603;B:DE-Mb50 010@ $ager 010E $erda 011@ $a2024 $n2024 021A $aDie @Großstadt und das Wissen $durbane Wissensformate in Budapest 1873–1914 $hEszter B. Gantner 028A $BVerfasser $#Gantner, Eszter $#Gantner, Brigitta Eszter $4aut $71015903339 $8Gantner, Eszter B.$Z1971-2019 [Tp3] $9276798783 033A $pMarburg $nVerlag Herder-Institut 034D $aXI, 279 Seiten 034I $a240 cm x 170 cm 034M $aIllustrationen 036E $aStudien zur Ostmitteleuropaforschung $l60 037A $aLiteraturverzeichnis Seite 237-269 044K $RBuda $RPest $#Budapest $#Haupt- und Residenzstadt Budapest $#Székesfőváros Budapest $#Boedapest $#Ofenpest $#Ofen-Pest $#Aquincum $#Budimpešta $#Budapesta $#Budapešta $#Budapeszt $#Budapešt $#Budapestum $#Buda $#Pest Ort $#Ofen Ort $#Pest-Buda $#Budapeşte $74008684-7 $8Budapest [Tg1] $9085015229 044K $RSozialer Wandel $RSozioökonomischer Wandel $REntwicklung $#modernization $#Modernisierung $#Entwicklung durch Modernisierung $#Modernisierung $74120755-5 $8Modernisierung [Ts1] $9085387134 044K $RLandflucht $RStadtflucht $RMetropolisierung $#Urbanization $#Urbanisation $#Urbanización $#Urbanisierung $#Urbanisierung $#Urbanisierung $#Urbanisation $#Urbanisierung $74063234-9 $8Verstädterung [Ts1] $9085177180 044K $RLehren $#Transmission des savoirs $#Verbreitung von Wissen $#Kenntnisvermittlung $#Wissenstransfer $74190121-6 $8Wissensvermittlung [Ts1] $9085941182 044K $RForschung $RPseudowissenschaft $RWissenschaftlichkeit $#Sciences $#Sciences $#Bürgerliche Wissenschaft $#Wissenschaften $74066562-8 $8Wissenschaft [Ts1] $9085187151 045E $c000 $c070 $c940 045F $a307.0943909034 $eDDC23BSB 045F/01 $a307.09 045F/03 $f09034 045F/03 $f09041 045F/03 $g439 045R $aGeschichte 1873-1914 045R/01 $aGeschichte 1850-1914 046X $aArchivierung/Langzeitarchivierung gewährleistet $5DE-34 $fPEHE lok: 52067851 23 exp: 52067851 23 1 #EPN 201B/01 $015-08-24 $t09:43:41.000 201C/01 $015-08-24 201U/01 $0utf8 203@/01 $01268970867 208@/01 $a15-08-24 $bz 209A/01 $a35 2024 A 762 $ds $f030 $h2024 A 762 $x00 209B/01 $aPflichtbestand $x05 209G/01 $a29182094 $x00 209G/01 $aSonderstandort Magazin Oberzwehren $x01 247C/01 $8352030-4 <34/30>Kassel, UB Kassel, Standort Brüder-Grimm-Platz, Landesbibliothek und Murhardsche Bibliothek der Stadt Kassel $9102599475 lok: 52067851 24 exp: 52067851 24 1 #EPN 201B/01 $010-10-24 $t09:10:03.000 201C/01 $010-10-24 201U/01 $0utf8 203@/01 $01277017980 208@/01 $a10-10-24 $bz 209A/01 $a24.06002 $du $f050 $h24 06002 $x00 209C/01 $a24.06002 G $h24 06002 G 209G/01 $a74897398 $x00 220C/01 $awei 247C/01 $8358050-7Marburg, Bibliothek des Herder-Instituts Marburg $9102600961 exp: 52067851 24 2 #EPN 201B/02 $010-10-24 $t09:10:03.000 201C/02 $010-10-24 201U/02 $0utf8 203@/02 $01277017999 208@/02 $a10-10-24 $bz 209A/02 $a24.06003 $du $f050 $h24 06003 $x00 209C/02 $a24.06003 G $h24 06003 G 209G/02 $a74897401 $x00 220C/02 $awei 247C/02 $8358050-7 Marburg, Bibliothek des Herder-Instituts Marburg $9102600961
| LEADER | 00000cam a2200000 c 4500 | ||
|---|---|---|---|
| 001 | 520678516 | ||
| 003 | DE-603 | ||
| 005 | 20251204221518.0 | ||
| 007 | tu | ||
| 008 | 240815s2024 xx |||| | u00||u|ger | ||
| 015 | |a 25,B05 |z 24,N31 |2 dnb | ||
| 016 | 7 | |2 DE-101 |a 1336853875 | |
| 020 | |a 9783879694921 |c : : EUR 56.00 (DE), EUR 57.60 (AT) | ||
| 020 | |a 3879694923 | ||
| 024 | 3 | |a 9783879694921 | |
| 035 | |a (DE-599)DNB1336853875 | ||
| 035 | |a (DE-627)1897241542 | ||
| 035 | |a (OCoLC)1452448975 | ||
| 040 | |a DE-603 |b ger |c DE-603 |d DE-603 |e rda | ||
| 041 | |a ger | ||
| 082 | 0 | 4 | |8 1\u |a 307.0943909034 |q DE-101 |2 23/BSB |
| 084 | |a 000 |a 070 |a 940 |q DE-101 |2 sdnb | ||
| 085 | |8 1\u |b 307.09 | ||
| 085 | |8 1\u |z 1 |s 09034 | ||
| 085 | |8 1\u |z 1 |s 09041 | ||
| 085 | |8 1\u |z 2 |s 439 | ||
| 100 | 1 | |a Gantner, Eszter B. |d 1971-2019 |e Verfasser |4 aut |0 (DE-603)276798783 |0 (DE-588)1015903339 |2 gnd | |
| 245 | 0 | 0 | |a Die Großstadt und das Wissen |b urbane Wissensformate in Budapest 1873–1914 |c Eszter B. Gantner |
| 264 | 1 | |a Marburg |b Verlag Herder-Institut |c 2024 | |
| 300 | |a XI, 279 Seiten |b Illustrationen |c 240 cm x 170 cm | ||
| 336 | |a Text |b txt |2 rdacontent | ||
| 337 | |a ohne Hilfsmittel zu benutzen |b n |2 rdamedia | ||
| 338 | |a Band |b nc |2 rdacarrier | ||
| 490 | 0 | |a Studien zur Ostmitteleuropaforschung |v 60 | |
| 500 | |a Literaturverzeichnis Seite 237-269 | ||
| 648 | 7 | |a Geschichte 1873-1914 |2 gnd | |
| 648 | 7 | |a Geschichte 1850-1914 |2 gnd | |
| 650 | 7 | |a Modernisierung |0 (DE-588)4120755-5 |0 (DE-603)085387134 |2 gnd | |
| 650 | 7 | |a Verstädterung |0 (DE-588)4063234-9 |0 (DE-603)085177180 |2 gnd | |
| 650 | 7 | |a Wissensvermittlung |0 (DE-588)4190121-6 |0 (DE-603)085941182 |2 gnd | |
| 650 | 7 | |a Wissenschaft |0 (DE-588)4066562-8 |0 (DE-603)085187151 |2 gnd | |
| 651 | 7 | |a Budapest |0 (DE-588)4008684-7 |0 (DE-603)085015229 |2 gnd | |
| 856 | 4 | 2 | |m V:DE-603;B:DE-Mb50 |q application/pdf |u http://scans.hebis.de/HEBCGI/show.pl?52067851_toc.pdf |3 Inhaltsverzeichnis |
| 856 | 4 | 2 | |m V:DE-603;B:DE-Mb50 |q application/pdf |u http://scans.hebis.de/HEBCGI/show.pl?52067851_bib.pdf |3 Buch Bibliographie |
| 856 | 4 | 2 | |m V:DE-603;B:DE-Mb50 |q application/pdf |u http://scans.hebis.de/HEBCGI/show.pl?52067851_cov.pdf |3 Cover |
| 856 | 4 | 2 | |m V:DE-603;B:DE-Mb50 |q application/pdf |u http://scans.hebis.de/HEBCGI/show.pl?52067851_idx.pdf |3 Register |
| 856 | 4 | 2 | |m V:DE-603;B:DE-Mb50 |q application/pdf |u http://scans.hebis.de/HEBCGI/show.pl?52067851_sum.pdf |3 Abstract |
| 924 | 0 | |9 34/30 |a (DE-603)1268970867 |b DE-34-30 |c HES |d b |g 35 2024 A 762 |h Sonderstandort Magazin Oberzwehren | |
| 924 | 0 | |9 Mb 50 |a (DE-603)1277017980 |b DE-Mb50 |c HES |d c |g 24.06002 | |
| 924 | 0 | |9 Mb 50 |a (DE-603)1277017999 |b DE-Mb50 |c HES |d c |g 24.06003 | |


